Films anciens à reconnaitre 4 - Statistiques

Statistiques générales
  • Ce quiz a été pris 10 fois
  • Le résultat moyen est 5 sur 16
Statistiques - réponses
Par images Réponse % Correct
La vache et le prisonnier
100%
Le maitre d'ecole
78%
L'emmerdeur
78%
Casque d'or
56%
La grande bouffe
44%
Venus beauté
44%
docteur Knock
22%
La mariée était en noir
22%
Le capitan
22%
Calmos
11%
Quelques messieurs trop tranquilles
11%
Docteur Popaul
0%
Il était une fois un flic
0%
L'année sainte
0%
Les chinois à Paris
0%
L'homme qui aimait les femmes
0%
Aucun quiz correspondant
Distribution des résultats
% des personnes avec chaque résultat
Percentile par nombre de réponses
Votre historique - résultats
Vous n’avez pas pris ce quiz